Ville de France - Top 200 Ville Europe - Statistiques

Statistiques générales
  • Ce quiz a été pris 271 fois
  • Le résultat moyen est 16 sur 19
Statistiques - réponses
Indice Réponse % Correct
11,3M Paris
100%
1,66M Marseille
98%
1,29M Lille
97%
1,98M Lyon
97%
613k Nantes
96%
1,03M Toulouse
96%
1,05M Bordeaux
95%
941k Nice
95%
773k Strasbourg
95%
436k Rennes
92%
590k Montpellier
90%
661k Grenoble
81%
527k Saint-Étienne
75%
495k Rouen
72%
551k Toulon
72%
476k Clermont-Ferrand
70%
425k Metz
69%
459k Tours
59%
552k Douai/Lens
39%
Aucun quiz correspondant
Distribution des résultats
% des personnes avec chaque résultat
Percentile par nombre de réponses
Votre historique - résultats
Vous n’avez pas pris ce quiz